| 000 | 00613nam a22002177a 4500 | ||
|---|---|---|---|
| 999 |
_c1503 _d1503 |
||
| 001 | 11714 | ||
| 003 | BD-DhUAP | ||
| 005 | 20200209112510.0 | ||
| 008 | 200209r20021996 |||| |||| 001 0 eng d | ||
| 040 |
_aBD-DhUAP _bEng _cBD-DhUAP _dBD-DhUAP |
||
| 082 |
_223 _a346.54004 BAS |
||
| 100 | _aBasu, Durga Das. | ||
| 245 |
_aEquity, trusts, specific relief / _cDurga Das Basu. |
||
| 250 | _a6th ed. | ||
| 260 |
_aKolkata : _bKamal Law House, _c1996 [ Reprinted 2002]. |
||
| 300 |
_axxvii, 366 pages ; _c23 cm. |
||
| 500 | _aIncludes index. | ||
| 650 |
_aEquity _zIndia. |
||
| 650 | _aEquity. | ||
| 942 |
_2ddc _cBK |
||